000 00593nam a2200181Ia 4500
003 GCL
008 140319s9999 xx 000 0 ara d
040 _aGCL /
_cGCL
082 0 4 _a813.01
_bف ك
100 1 _aفؤاد حجازى
245 1 0 _aكراكيب: مجموعة قصص قصيرة ومسرحية للعرائس /
_cفؤاد حجازى
260 _a[S.N] :
_bمكتبة ومطبعة المحبة ،
_c1970
300 _a126 ص
490 _aادب الجماهير
_v0
650 0 4 _aالادب العربى
650 0 4 _aالقصص العربية القصيرة
942 _2ddc
_cBK
999 _c52439
_d52439